Search the Library Catalogue
| 000 -LEADER | |
|---|---|
| fixed length control field | 00864nam a2200241Ia 4500 |
| 008 - FIXED-LENGTH DATA ELEMENTS--GENERAL INFORMATION | |
| fixed length control field | 191130s2007##################000#0#eng## |
| 020 ## - INTERNATIONAL STANDARD BOOK NUMBER | |
| ISBN | 9781841137223 |
| 082 ## - DEWEY DECIMAL CLASSIFICATION NUMBER | |
| Classification number | 346.420434 BRI |
| 100 ## - MAIN ENTRY--AUTHOR NAME | |
| Personal name | Bright, Susan |
| 245 ## - TITLE STATEMENT | |
| Title | Landlord and tenant law in context |
| Statement of responsibility, etc | Susan Bright |
| 260 ## - PUBLICATION, DISTRIBUTION, ETC. (IMPRINT) | |
| Place of publication | Oxford ; Portland, OR |
| Name of publisher | Hart |
| Year of publication | 2007 |
| 300 ## - PHYSICAL DESCRIPTION | |
| Number of Pages | lxxiv, 816 p. ; 25 cm |
| 500 ## - GENERAL NOTE | |
| General note | Successor vol. to Landlord and tenant law : the nature of tenancies / by Susan Bright and Geoff Gilbert ; Oxford : Clarendon, 1995. Includes bibliographical references (p. [787]-802) and index |
| 650 ## - SUBJECT ADDED ENTRY--TOPICAL TERM | |
| Topical Term | Landlord and tenant - England |
| Topical Term | Landlord and tenant - Wales |
| Topical Term | Leases - England |
| Topical Term | Leases - Wales |
| 991 ## - | |
| -- | 285219 |
| Withdrawn status | Lost status | Damaged status | Not for loan | Home library | Current library | Shelving location | Date acquired | Full call number | Accession Number | Price effective from | Koha item type |
|---|---|---|---|---|---|---|---|---|---|---|---|
| Anna Centenary Library | Anna Centenary Library | 4TH FLOOR, A WING | 13.10.2020 | 346.420434 BRI | 380841 | 13.10.2020 | English Books |